000 00284nam a22001337a 4500
008 170508b xxu||||| |||| 00| 0 eng d
020 _a9780735588523
041 _aeng
080 _25TH
_a342
100 _a15
101 _aSHJ
245 _aCONTRACTS
_cBLUM, B.A
942 _2udc
_cBK
999 _c12876
_d12876